000 00492nam a2200193 4500
003 OSt
005 20260601171006.0
008 260508b1984\\\\fi\a||||\||||\00|\0\eng\d
040 _aICI
_bspa
_cICI
041 _aeng
050 _aNK1455.A1
_bD47
245 1 _aDesign in Finland 1986
264 _aFinlandia :
_bArtek,
_c1986
300 _a77 páginas :
_bilustraciones
336 _atexto
_2rdacontent
337 _asin medio
_2rdamedia
338 _avolumen
_2rdacarrier
942 _2lcc
_cB
_n1
999 _c20266
_d20266